Hypnose, sophrologie, relaxation /

Zapisane w:
Opis bibliograficzny
1. autor: Lamy, Philippe (autor)
Format: Książka
Język:francuski
Wydane: Francia : Henri Veyrier, 1981, c1981
Etykiety: Dodaj etykietę
Nie ma etykietki, Dołącz pierwszą etykiete!

MARC

LEADER 00000nam^a2200000^a^4500
001 000578120
005 20250521000000.0
009 20260310132502.197
020 |a 2-85199-241-4 
037 |a Acervo ITESO - Biblioteca 
041 |a FRA 
091 |a FLG. 00318 
100 |a Lamy, Philippe  |e (autor) 
245 1 0 |a Hypnose, sophrologie, relaxation / 
264 4 |a Francia :  |b Henri Veyrier,  |c 1981, c1981 
300 |a 127 p. 
336 |a texto  |b txt  |2 rdacontenido 
337 |a sin mediación  |b n  |2 rdamedio 
338 |a volumen  |b nc  |2 rdasoporte 
649 |a XX 
910 |a Fondo Luis González de Alba 
920 |a Impresos - Libros 
930 |a Fondos Especiales 
905 |a 141 
901 |a 0500398456  |b IT2  |c ESP  |i D101643  |u 20250521 
902 |a https://opac.biblio.iteso.mx/vufind/Record/000578120